| 000 | 00756nam a2200253Ia 4500 | ||
|---|---|---|---|
| 003 | OSt | ||
| 005 | 20220927111040.0 | ||
| 006 | a|||||r|||| 00| 0 | ||
| 007 | ta | ||
| 008 | 220926b |||||||| |||| 00| 0 eng d | ||
| 024 | _a82529 | ||
| 037 | _cReports | ||
| 040 |
_aRTL _cRTL _beng |
||
| 041 |
_2eng _aeng |
||
| 082 | _a"X91.235R.N6, K2/GD" | ||
| 100 |
_aJoshi L G _9381121 |
||
| 245 | 0 | _aReport on the survey of small scale and cottage industries in Amrabati | |
| 260 |
_aDelhi _bManager Of Publication India _c1962 |
||
| 300 |
_a377p. _ccm. |
||
| 490 | _a"India, Planning Commission, Research Programme Committee" | ||
| 650 | _aIndustries | ||
| 942 |
_h"X91.235R.N6, K2/GD" _cCC |
||
| 999 |
_c698509 _d698509 |
||